[Event "Barcelona La Lira op 14th"]
[Site "Barcelona"]
[Date "2023.05.25"]
[Round "6"]
[White "Gonzalez Muelas, Javier"]
[Black "Batista Perez, Carlos"]
[Result "1-0"]
[WhiteElo "1642"]
[BlackElo "1738"]
[PlyCount "69"]
[EventDate "2023.04.20"]
[EventType "swiss"]
[EventRounds "9"]
[EventCountry "ESP"]
[SourceTitle "EXT 2024"]
[Source "ChessBase"]
[SourceDate "2023.10.10"]
[SourceVersion "1"]
[SourceVersionDate "2023.10.10"]
[SourceQuality "1"]

1. e4 e6 2. d4 d5 3. exd5 exd5 4. Bd3 Bd6 5. Ne2 Nc6 6. Nbc3 Nge7 7. Bg5 f6 8. Bh4 Bg4 9. f3 Bh5 10. Qd2 Nb4 11. Bb5+ c6 12. Ba4 b5 13. Bb3 a5 14. a3 Na6 15. Bg3 Bg6 16. Nf4 Bf7 17. Nce2 Qc7 18. Nd3 a4 19. Ba2 0-0 20. Bxd6 Qxd6 21. Qf4 Qe6 22. 0-0-0 Nf5 23. Qd2 Rfe8 24. Nc3 Qe3 25. Qxe3 Rxe3 26. Nf4 g5 27. Nfe2 b4 28. axb4 Nxb4 29. Kd2 Nxa2 30. Nxa2 Rae8 31. Nac3 c5 32. Rhe1 a3 33. bxa3 cxd4 34. Nb5 Nd6 35. Nxd6 1-0

[Event "Barcelona La Lira op 14th"]
[Site "Barcelona"]
[Date "2023.05.18"]
[Round "5"]
[White "Batista Perez, Carlos"]
[Black "Jimenez Dominguez, Alberto"]
[Result "0-1"]
[WhiteElo "1738"]
[BlackElo "1614"]
[PlyCount "104"]
[EventDate "2023.04.20"]
[EventType "swiss"]
[EventRounds "9"]
[EventCountry "ESP"]
[SourceTitle "EXT 2024"]
[Source "ChessBase"]
[SourceDate "2023.10.10"]
[SourceVersion "1"]
[SourceVersionDate "2023.10.10"]
[SourceQuality "1"]

1. d4 Nf6 2. c4 g6 3. Nc3 d5 4. cxd5 Nxd5 5. e4 Nxc3 6. bxc3 Bg7 7. Bc4 c5 8. Ne2 Nc6 9. Be3 0-0 10. 0-0 Bg4 11. f3 Na5 12. Bd3 cxd4 13. cxd4 Be6 14. d5 Bxa1 15. Qxa1 f6 16. Bh6 Re8 17. Kh1 a6 18. Rd1 Bf7 19. Nf4 Qd6 20. Qc3 b6 21. Nh3 Rec8 22. Qd4 Qc5 23. Qb2 b5 24. Rc1 Nc4 25. Qa1 Qa3 26. Bxc4 Rxc4 27. Rd1 Rac8 28. d6 Qc3 29. Qxc3 Rxc3 30. dxe7 Be8 31. Rd6 R3c6 32. Rd4 Kf7 33. Bd2 Kxe7 34. g4 Ke6 35. Nf4+ Kf7 36. h4 Rc2 37. a3 Ra2 38. Rd3 Rcc2 39. Be3 Ra1+ 40. Bg1 Rcc1 41. Nh3 a5 42. Kg2 b4 43. axb4 axb4 44. Rd6 b3 45. Bd4 Rc2+ 46. Kg3 b2 47. Rxf6+ Kg8 48. Ng5 b1Q 49. Re6 Qb8+ 50. Be5 Rg1+ 51. Kf4 Qd8 52. Bf6 Qd2+ 0-1

[Event "Barcelona Vila de Grаcia op 16th"]
[Site "Barcelona"]
[Date "2022.10.21"]
[Round "4"]
[White "Batista Perez, Carlos"]
[Black "Campos Chacon, Marco"]
[Result "0-1"]
[WhiteElo "1760"]
[BlackElo "1990"]
[PlyCount "86"]
[EventDate "2022.09.30"]
[EventType "swiss"]
[EventRounds "9"]
[EventCountry "ESP"]
[SourceTitle "EXT 2024"]
[Source "ChessBase"]
[SourceDate "2023.10.10"]
[SourceVersion "1"]
[SourceVersionDate "2023.10.10"]
[SourceQuality "1"]

1. d4 d5 2. c4 e5 3. e3 Nc6 4. cxd5 Qxd5 5. Nc3 Bb4 6. Bd2 Bxc3 7. Bxc3 exd4 8. exd4 Nf6 9. Qf3 0-0 10. Qxd5 Nxd5 11. Bc4 Re8+ 12. Kd2 Be6 13. Bb3 Nf4 14. Bxe6 Rxe6 15. g3 Nd5 16. Re1 Rae8 17. Nf3 f6 18. Rxe6 Rxe6 19. Re1 Kf7 20. Kd3 a5 21. a3 b6 22. Kc4 Nce7 23. Bd2 Rc6+ 24. Kd3 Nc8 25. Rc1 Rxc1 26. Bxc1 Nd6 27. Nd2 Ke6 28. Ne4 Nxe4 29. Kxe4 a4 30. Bd2 b5 31. Ba5 c6 32. f4 f5+ 33. Kd3 Nf6 34. Be1 Ne4 35. g4 g6 36. g5 Nd6 37. Kc3 Nc4 38. Bf2 Kd5 39. b3 Nxa3 40. bxa4 bxa4 41. Kb4 Nb5 42. Kxa4 Nxd4 43. Kb4 c5+ 0-1

[Event "Torredembarra op 19th"]
[Site "Torredembarra"]
[Date "2017.07.03"]
[Round "3"]
[White "Batista Perez, Carlos"]
[Black "Lacasta Palacio, Joaquim"]
[Result "1/2-1/2"]
[WhiteElo "1795"]
[BlackElo "2092"]
[PlyCount "76"]
[EventDate "2017.07.01"]
[EventType "swiss"]
[EventRounds "9"]
[EventCountry "ESP"]
[SourceTitle "CBM 179 Extra"]
[Source "ChessBase"]
[SourceDate "2017.08.23"]
[SourceVersion "1"]
[SourceVersionDate "2017.08.23"]
[SourceQuality "1"]

1. d4 e6 2. Bf4 Nf6 3. e3 c5 4. c3 Nc6 5. Nf3 b6 6. Bd3 Be7 7. Nbd2 Nh5 8. Bg3 Bb7 9. e4 cxd4 10. cxd4 Nb4 11. Be2 Rc8 12. 0-0 Nxg3 13. hxg3 d5 14. Bb5+ Bc6 15. Qa4 0-0 16. Bxc6 Nxc6 17. Rac1 Qd7 18. Rc2 Qb7 19. exd5 exd5 20. Rfc1 b5 21. Qb3 Na5 22. Qe3 Nc4 23. Qb3 Qd7 24. Ne5 Qe6 25. Ndxc4 bxc4 26. Qb7 Rb8 27. Qd7 Rfe8 28. Qxa7 Ra8 29. Qd7 Qxd7 30. Nxd7 Rxa2 31. Re1 Ra7 32. Nb6 Rd8 33. Rce2 Kf8 34. Re5 Bf6 35. Rxd5 Rxd5 36. Nxd5 Bxd4 37. Rc1 Bxb2 38. Ra1 Ke8 1/2-1/2

[Event "Badalona op-B 40th"]
[Site "Badalona"]
[Date "2014.08.07"]
[Round "6"]
[White "Flores Linan, Josep Luis"]
[Black "Batista Perez, Carlos"]
[Result "1-0"]
[WhiteElo "2016"]
[BlackElo "2008"]
[PlyCount "105"]
[EventDate "2014.08.02"]
[EventType "swiss"]
[EventRounds "9"]
[EventCountry "ESP"]
[SourceTitle "EXT 2015"]
[Source "ChessBase"]
[SourceDate "2014.11.20"]
[SourceVersion "1"]
[SourceVersionDate "2014.11.20"]
[SourceQuality "1"]

1. d4 c5 2. d5 d6 3. c4 e5 4. e4 Be7 5. Nc3 Nd7 6. Nge2 Ngf6 7. Ng3 Nf8 8. Be2 Ng6 9. 0-0 0-0 10. a3 Bd7 11. Be3 Nf4 12. Qd2 Nxe2+ 13. Qxe2 Ng4 14. Bd2 Bg5 15. f4 Bxf4 16. Bxf4 exf4 17. Rxf4 Qh4 18. Nf1 Qg5 19. g3 h5 20. Ne3 Nxe3 21. Qxe3 h4 22. Re1 hxg3 23. Qxg3 Qxg3+ 24. hxg3 Rae8 25. Kg2 Re5 26. Rh1 Rfe8 27. Rfh4 f6 28. b4 cxb4 29. axb4 Kf7 30. Rh8 R8e7 31. Rd8 f5 32. Rf1 b6 33. g4 g6 34. Kg3 Kg7 35. gxf5 gxf5 36. Kf4 fxe4 37. Rg1+ Kf7 38. Ke3 Rf5 39. Rg3 Rf3+ 40. Rxf3+ exf3+ 41. Kxf3 Kf6 42. Kf4 Rf7 43. Ke3 Ke5 44. Rh8 Bg4 45. Re8+ Kf5 46. Ne4 Kg6 47. Rg8+ Kh5 48. Nxd6 Rf3+ 49. Kd4 Rb3 50. Ne4 Bd1 51. d6 Rxb4 52. d7 Bb3 53. d8Q 1-0

[Event "Barcelona La Lira op"]
[Site "Barcelona"]
[Date "1995.??.??"]
[Round "5"]
[White "Corominas Garrido, Jordi"]
[Black "Batista Perez, Carlos"]
[Result "1/2-1/2"]
[WhiteElo "2045"]
[BlackElo "2110"]
[PlyCount "96"]
[EventDate "1995.04.??"]
[EventType "swiss"]
[EventRounds "9"]
[EventCountry "ESP"]
[SourceTitle "EXT 2003"]
[Source "ChessBase"]
[SourceDate "2002.11.25"]
[SourceVersion "1"]
[SourceVersionDate "2002.11.25"]
[SourceQuality "1"]

1. c4 Nf6 2. Nc3 g6 3. g3 e5 4. Nf3 Nc6 5. Bg2 d6 6. d4 exd4 7. Nxd4 Ne5 8. b3 Bg7 9. Bb2 0-0 10. 0-0 c6 11. Nf3 Nxf3+ 12. Bxf3 Bh3 13. Re1 h5 14. Qc2 Qc7 15. Rad1 Rad8 16. Ne4 Nxe4 17. Bxe4 Qa5 18. Bxg7 Kxg7 19. Qd2 Qe5 20. Qd4 Rfe8 21. Bf3 a6 22. Rd2 Qxd4 23. Rxd4 Re7 24. Red1 Red7 25. e4 Kf6 26. Bg2 Be6 27. f4 Ke7 28. Kf2 f5 29. Ke3 a5 30. exf5 Bxf5 31. a3 Re8 32. Re1 Kd8+ 33. Kd2 Rxe1 34. Kxe1 Re7+ 35. Kd2 Bg4 36. Kc3 Kd7 37. Re4 Bf5 38. Rxe7+ Kxe7 39. b4 Kd7 40. Kd4 axb4 41. axb4 Ke6 42. c5 d5 43. b5 Kf6 44. b6 Ke6 45. Bf1 Kf6 46. Be2 Bg4 47. Bf1 Bf5 48. h3 Be6 1/2-1/2

[Event "Barcelona La Lira op"]
[Site "Barcelona"]
[Date "1995.??.??"]
[Round "3"]
[White "Gomez, J."]
[Black "Batista Perez, Carlos"]
[Result "1-0"]
[WhiteElo "2025"]
[BlackElo "2110"]
[PlyCount "82"]
[EventDate "1995.04.??"]
[EventType "swiss"]
[EventRounds "9"]
[EventCountry "ESP"]
[SourceTitle "EXT 2003"]
[Source "ChessBase"]
[SourceDate "2002.11.25"]
[SourceVersion "1"]
[SourceVersionDate "2002.11.25"]
[SourceQuality "1"]

1. e4 e6 2. d4 d5 3. Nc3 Nf6 4. Bg5 Bb4 5. e5 h6 6. Bd2 Bxc3 7. bxc3 Ne4 8. Qg4 Kf8 9. Nf3 c5 10. Bd3 Nxd2 11. Nxd2 Qg5 12. Qxg5 hxg5 13. 0-0 Nc6 14. f4 cxd4 15. cxd4 Nxd4 16. fxg5 Ke7 17. Rf4 Nc6 18. Nf3 Bd7 19. Rb1 Rab8 20. Bb5 Rhc8 21. h4 a6 22. Bd3 Rf8 23. h5 b5 24. Re1 Na5 25. h6 Rh8 26. Rh4 g6 27. Rf4 Nc4 28. Nh4 Rbc8 29. Bxg6 Be8 30. Bd3 Nb2 31. Ref1 Nxd3 32. cxd3 Rc3 33. d4 a5 34. R4f2 Rg3 35. Nf3 Rg4 36. Rc1 Bd7 37. Rc7 Re4 38. Rfc2 Re3 39. Ra7 Ra3 40. Rcc7 Rxa2 41. Rxd7+ Ke8 1-0

[Event "Barcelona La Lira op"]
[Site "Barcelona"]
[Date "1995.??.??"]
[Round "7"]
[White "Martinez, JM."]
[Black "Batista Perez, Carlos"]
[Result "0-1"]
[WhiteElo "2020"]
[BlackElo "2110"]
[PlyCount "46"]
[EventDate "1995.04.??"]
[EventType "swiss"]
[EventRounds "9"]
[EventCountry "ESP"]
[SourceTitle "EXT 2003"]
[Source "ChessBase"]
[SourceDate "2002.11.25"]
[SourceVersion "1"]
[SourceVersionDate "2002.11.25"]
[SourceQuality "1"]

1. e4 e6 2. d4 d5 3. Nc3 Nf6 4. Bg5 dxe4 5. Nxe4 Be7 6. Nxf6+ Bxf6 7. Bxf6 Qxf6 8. Nf3 Nd7 9. Bc4 0-0 10. 0-0 e5 11. Re1 exd4 12. Qxd4 Qxd4 13. Nxd4 Nb6 14. Bb3 c5 15. Bxf7+ Kxf7 16. Nb5 Rd8 17. Re3 Bg4 18. h3 Bh5 19. Rae1 Rd7 20. Re5 Bg6 21. Rxc5 Na4 22. Rc4 Nxb2 23. Rb4 Nd1 0-1